Fundamentos de Corriente Continua Experimentos de laboratorio Manual delmar de electricidad y electrónica / John R. Duff (Registro nro. 22192)

Detalles MARC
000 -LÍDER
fixed length control field 00432nam a2200133 4500
008 - ELEMENTOS DE LONGITUD FIJA -- INFORMACIÓN GENERAL
fixed length control field 01971 0a 000 0MEX
020 ## - NÚMERO INTERNACIONAL NORMALIZADO PARA LIBROS
ISBN S/N
082 ## - NUMERO DE CLASIFICACION DECIMAL DEWEY
Número de Clasificación 621.319.12 D472f
100 ## - ASIENTO PRINCIPAL--NOMBRE PERSONAL
Nombre personal Duff, John R.
245 ## - TÍTULO
Título Fundamentos de Corriente Continua Experimentos de laboratorio Manual delmar de electricidad y electrónica / John R. Duff
260 ## - PUBLICACIÓN, DISTRIBUCIÓN, ETC. (PIE DE IMPRENTA)
Lugar de publicación, distribución, etc. México : Diana
300 ## - DESCRIPCIÓN FÍSICA
Extensión 129p. /26.5 cm.
650 ## - ASIENTO SECUNDARIO DE MATERIA - TERMINO TEMÁTICO
Término temático o nombre geográfico como elemento de entrada 1. ELÉCTRICIDAD
Existencias
No. biblioteca No. biblioteca Número de clasificación Código de barras/Número de adquisición Número de copia Tipo de material
LUIS G. INCLAN LUIS G. INCLAN 621.319.12 D472f 9987 2 Libros
Calzada Tecnológico # 27, Zacatepec, Morelos.
01(734) 343-07-23 / 343-21-10 / 343-21-11
Apdo. Postal 45 C.P 62780